000 00530nam a2200205Ia 4500
001 14305
003 GE_BSU
008 181216s||||||||xx |||||||||||||| ||und||
020 _a033344079X
040 _cGE_BSU
080 _a61
100 _aHunt,Patricia. Sendell, Bernice
245 _aNursing the Adult with a Specific Phisiological Disturbance
260 _aLondon
260 _bMacmillan
260 _c1987
300 _a242p.30cm.
653 _aNursing the Adult with a Specific Phisiological Disturbance
942 _cBK
999 _c47443
_d47443